| 000 | 00435nam a2200181Ia 4500 | ||
|---|---|---|---|
| 005 | 20240830060333.0 | ||
| 008 | 240331s9999 xx 000 0 und d | ||
| 020 | _a9559540904 | ||
| 082 |
_bGUN _a792 |
||
| 100 | _aGunawardana, D | ||
| 245 | 4 | _aThe Gajaman story | |
| 260 |
_aDehiwala _bSridevi Printers ( Private) Limited _c1991 |
||
| 300 | _a65 p ., | ||
| 650 | _aDrama | ||
| 650 | _aLiterature | ||
| 650 | _ahistory | ||
| 942 | _cL | ||
| 999 |
_c3085 _d3085 |
||